000 00373nam a2200145Ia 4500
008 150201s2009 xx 000 0 und d
082 _a617.51
_bB09S
100 _aSHOW, JAMES B.
245 _aBALLENGER,S OTORHINOLARYNGOLOGY-17 (HEAD AND NECK SURGERY)
250 _a17TH
260 _bB.C. DECKER
_aSHELTON
_c2009
300 _a1-1209
650 _aE.N.T.
942 _2ddc
_cBK
999 _c278
_d278